[Event "Veletrzni turnaj 2021"]
[Site "Brno"]
[Date "2021.09.05"]
[Round "9.18"]
[White "Vojtek, Pavel"]
[Black "Hladky, Mikulas"]
[Result "0-1"]
[WhiteElo "1609"]
[BlackElo "1223"]
[PlyCount "74"]
[EventDate "2021.08.29"]

1. e4 e5 2. Nf3 Nc6 3. Bb5 Bc5 4. O-O d6 5. d4 exd4 6. Nxd4 Bd7 7. Nxc6 bxc6 8.
Ba4 Nf6 9. Qd3 O-O 10. c4 h6 11. Nc3 Re8 12. Bc2 Qe7 13. Kh1 Ng4 14. Qg3 Qf6
15. f4 Qd4 16. Nd1 Qxc4 17. Bd3 Qb4 18. f5 Qd4 19. h3 Ne5 20. f6 Ng6 21. fxg7
Qxg7 22. Nc3 Ne5 23. Qf4 Nxd3 24. Qh4 Nxc1 25. Raxc1 Qg5 26. Qe1 Qh5 27. Rf3
Kf8 28. Qe2 Bg4 29. Rcf1 Bxf3 30. Rxf3 d5 31. g4 Qg6 32. Qf1 dxe4 33. Rf6 Qg7
34. Rxc6 Bd6 35. Rc4 Qe5 36. Qg1 Qf4 37. Ne2 Qf3+ 0-1

[Event "Veletrzni turnaj 2021"]
[Site "Brno"]
[Date "2021.09.05"]
[Round "9.19"]
[White "Karafiat, Vojtech"]
[Black "Svec, Ludek"]
[Result "1-0"]
[WhiteElo "1255"]
[BlackElo "1549"]
[PlyCount "45"]
[EventDate "2021.08.29"]

1. d4 Nf6 2. Bf4 e6 3. e3 c5 4. c3 Nc6 5. Nf3 b6 6. Bd3 Bb7 7. Nbd2 Be7 8. Qe2
cxd4 9. exd4 d5 10. Ne5 Rc8 11. Ndf3 h6 12. Bb5 O-O 13. Nxc6 Bxc6 14. Ba6 Ra8
15. Ne5 Qe8 16. Qd3 Ne4 17. f3 Nd6 18. Nxc6 Qxc6 19. g4 Bh4+ 20. Kd2 Nc4+ 21.
Bxc4 Qxc4 22. Qxc4 dxc4 23. a4 {necitelny zapis} 1-0

[Event "Veletrzni turnaj 2021"]
[Site "Brno"]
[Date "2021.09.05"]
[Round "9.21"]
[White "Vavrinkova, Marie"]
[Black "Sauman, Petr"]
[Result "1/2-1/2"]
[WhiteElo "1492"]
[BlackElo "1346"]
[PlyCount "61"]
[EventDate "2021.08.29"]

1. d4 d5 2. c4 e6 3. Nf3 Nf6 4. Bg5 Nbd7 5. Nc3 Be7 6. e3 O-O 7. Bd3 c5 8. e4
dxe4 9. Nxe4 Nxe4 10. Bxe7 Qxe7 11. Bxe4 Nf6 12. Bc2 Rd8 13. O-O cxd4 14. Nxd4
Qc5 15. Nb3 Qc7 16. Qe2 b6 17. Rad1 Ba6 18. Nd2 Rac8 19. Bb1 g6 20. Rfe1 Bxc4
21. Nxc4 Rxd1 22. Rxd1 Qxc4 23. Qf3 Qc1 24. b3 Qg5 25. h3 Rc1 26. Kh2 Rxd1 27.
Qxd1 Qf4+ 28. Kg1 Nd5 29. Bd3 Qd4 30. Qf1 Nb4 31. Bb1 1/2-1/2

[Event "Veletrzni turnaj 2021"]
[Site "Brno"]
[Date "2021.09.05"]
[Round "9.22"]
[White "Sojka, Oldrich"]
[Black "Soucek, Andrej"]
[Result "0-1"]
[WhiteElo "1417"]
[BlackElo "1318"]
[PlyCount "89"]
[EventDate "2021.08.29"]

1. e4 c5 2. Bc4 e6 3. Nc3 Nc6 4. a3 Nge7 5. d3 d5 6. exd5 exd5 7. Ba2 g6 8. h3
Bg7 9. Nf3 O-O 10. Bg5 Be6 11. Qd2 Qd7 12. Bh6 Nf5 13. Bxg7 Kxg7 14. h4 h5 15.
Ng5 Nfd4 16. O-O-O b5 17. Nxe6+ fxe6 18. f3 a5 19. Ne2 b4 20. Nxd4 Nxd4 21. c3
Nb5 22. a4 bxc3 23. bxc3 Na3 24. Bb3 Rab8 25. Qb2 c4 26. dxc4 Nxc4 27. Qa2 Qb7
28. Bxc4 dxc4 29. Rd4 Qb3 30. Qxb3 cxb3 31. Kb2 Rf5 32. Rhd1 Re5 33. R1d2 Kf6
34. g4 Re3 35. g5+ Kf5 36. Rf2 Rc8 37. c4 Rc5 38. f4 Rh3 39. Rd8 Rxc4 40. Rf8+
Kg4 41. Rg8 Rxa4 42. Rg2+ Kxh4 43. Kb1 Rxf4 44. Rxg6 Rg4 45. Rxg4+ 0-1

[Event "Veletrzni turnaj 2021"]
[Site "Brno"]
[Date "2021.09.05"]
[Round "9.24"]
[White "Ulcak, Michael"]
[Black "Prokop, Jiri"]
[Result "1-0"]
[WhiteElo "1470"]
[BlackElo "1684"]
[PlyCount "53"]
[EventDate "2021.08.29"]

1. e4 d6 2. d4 Nf6 3. Nc3 c6 4. Bg5 Nbd7 5. f4 Qc7 6. Nf3 e6 7. Bd3 Be7 8. Qd2
h6 9. Bh4 Qd8 10. O-O-O O-O 11. e5 dxe5 12. fxe5 Nd5 13. Bxe7 Qxe7 14. Ne4 f5
15. Nd6 Nc7 16. h4 Ne8 17. Nxe8 Qxe8 18. h5 Nb6 19. Nh4 Nd5 20. Ng6 Rf7 21. g4
fxg4 22. Rdg1 Ne7 23. Rxg4 Nf5 24. Rhg1 b5 25. Nh4 Kh8 26. Nxf5 exf5 27. Rxg7
1-0

[Event "Veletrzni turnaj 2021"]
[Site "Brno"]
[Date "2021.09.05"]
[Round "9.25"]
[White "Teply, Jan"]
[Black "Buchta, Vaclav"]
[Result "0-1"]
[WhiteElo "1063"]
[BlackElo "1119"]
[PlyCount "22"]
[EventDate "2021.08.29"]

1. e4 g6 2. d4 Bg7 3. Nf3 d6 4. Nc3 Nf6 5. Bf4 O-O 6. Be2 Nbd7 7. O-O Re8 8.
Re1 Nh5 9. Be3 Ndf6 10. Bc4 c6 11. Qd2 Ng4 {chybny zapis} 0-1

[Event "Veletrzni turnaj 2021"]
[Site "Brno"]
[Date "2021.09.05"]
[Round "9.26"]
[White "Luc, Martin"]
[Black "Kubatova, Beta"]
[Result "1-0"]
[WhiteElo "1114"]
[BlackElo "1049"]
[PlyCount "50"]
[EventDate "2021.08.29"]

1. e4 c5 2. Nf3 Nc6 3. d4 cxd4 4. Nxd4 g6 5. Nc3 Bg7 6. Be3 Nf6 7. Bc4 O-O 8.
Bb3 d6 9. h3 Bd7 10. Qd2 Re8 11. O-O-O a6 12. g4 b5 13. g5 b4 14. gxf6 bxc3 15.
Qxc3 Nxd4 16. Bxd4 Bxf6 17. Bxf6 exf6 18. Rxd6 Rc8 19. Qd4 Rc7 20. Rd1 Re7 21.
Ba4 Qc8 22. Rxd7 Rexd7 23. Bxd7 Rxd7 24. Qxd7 Qxd7 25. Rxd7 Kg7 1-0

[Event "Veletrzni turnaj 2021"]
[Site "Brno"]
[Date "2021.09.05"]
[Round "9.27"]
[White "Saskova, Renata"]
[Black "Kubatova, Ema"]
[Result "1-0"]
[WhiteElo "1195"]
[BlackElo "1005"]
[PlyCount "69"]
[EventDate "2021.08.29"]

1. e4 c5 2. c3 d5 3. exd5 Qxd5 4. d4 Nc6 5. Nf3 Bg4 6. Be2 e6 7. Be3 cxd4 8.
cxd4 Qd8 9. O-O Nf6 10. Nc3 a6 11. Rc1 Be7 12. a3 O-O 13. h3 Bh5 14. Qd2 Qc7
15. Rfd1 Rfd8 16. Qe1 Rac8 17. Rd2 Rd7 18. b4 Qb8 19. Rcd1 Rcd8 20. g3 Qc8 21.
Na4 Nd5 22. Nc5 Rc7 23. g4 Bg6 24. Bc4 Nxe3 25. Qxe3 Re8 26. Ne5 Nxe5 27. Qxe5
Bf6 28. Qd6 Rd8 29. Qb6 Rd6 30. Qxd6 Be7 31. Qe5 Bf6 32. Qf4 h6 33. Qg3 Qe8 34.
Qxc7 Bd8 35. Qxb7 1-0